000 00808nam a22002777a 4500
003 CHAP
005 20220329140908.0
008 971013s1960 r 00010 d
010 _a59440
011 _a60412
035 _a64574
040 _cCHAP
090 _aFolleto 1932
100 0 0 _aLlanes Marín, Elmer.
_967258
245 _aYucatán ante el número 30
260 _aMéxico, D.F :
_b(s.e.),
_c1960
300 _a31 p.
_b; mapas
590 _aBATCH-UPD
_b10
_c20130110
_lUCH01
_h0534
590 _aBATCH-UPD
_b10
_c20130410
_lUCH01
_h0215
590 _aBATCH-UPD
_b10
_c20130914
_lUCH01
_h1727
590 _aCONVERSION
_b10
_c20130109
_lUCH01
_h1332
650 1 4 _aYucatán
_xPolítica y gobierno.
_9123327
901 _aBK
942 _cFOLL
949 _aFolleto 1932
_bBC
_cFOLL
_d-141012
_eTS1
_i64574
_si
999 _c59440
_d59440